Die 20 größten Städte Afrikas - Statistiken

Allgemein
  • Dieses Quiz wurde 112 mal gespielt
  • Das Durchschnittsergebnis liegt bei 12 aus 20
Antwortstatistiken
Land 👥 Stadt % Korrekt
🇪🇬 22 Mio. Kairo
100%
🇿🇦 6,2 Mio. Johannesburg
97%
🇿🇦 4,8 Mio. Kapstadt
92%
🇳🇬 15,9 Mio. Lagos
89%
🇰🇪 5,3 Mio. Nairobi
89%
🇨🇩 16,3 Mio. Kinshasa
84%
🇪🇬 5,5 Mio. Alexandria
82%
🇪🇹 5,4 Mio. Addis Abeba
77%
🇦🇴 9,2 Mio. Luanda
76%
🇲🇦 3,89 Mio. Casablanca
70%
🇹🇿 7,7 Mio. Dar es Salaam
61%
🇸🇩 6,3 Mio. Khartum
57%
🇨🇲 4,5 Mio. Jaunde
48%
🇺🇬 3,85 Mio. Kampala
48%
🇲🇬 3,87 Mio. Antananarivo
47%
🇳🇬 4,3 Mio. Kano
32%
🇨🇮 5,6 Mio. Abidjan
31%
🇳🇬 3,88 Mio. Ibadan
20%
🇨🇲 4 Mio. Duala
15%
🇿🇦 4,1 Mio. Ekurhuleni
2%
Keine übereinstimmenden Quizze gefunden
Verteilung der Resultate
Anzahl Personen mit jedem Resultat
Perzentil nach korrekt beantworteten Fragen
Ihre Resultats-Entwicklung
Sie haben dieses Quiz noch nicht gespielt